League of Legends Champions by Role - Statistics

General Stats
  • This quiz has been taken 48 times
  • The average score is 89 of 171
Answer Stats
Answer % Correct
Kai’Sa
97%
Aatrox
87%
Caitlyn
82%
Jinx
82%
Lee Sin
79%
Vi
79%
Ezreal
77%
Akali
74%
Ashe
74%
Ahri
72%
Draven
72%
Lux
72%
Nautilus
72%
Aphelios
69%
Corki
69%
Darius
69%
Garen
69%
Miss Fortune
69%
Yasuo
69%
Blitzcrank
67%
Jhin
67%
Yone
67%
Zed
67%
Kalista
64%
Lulu
64%
Morgana
64%
Orianna
64%
Alistar
62%
Azir
62%
Bard
62%
Poppy
62%
Pyke
62%
Ziggs
62%
Anivia
59%
Brand
59%
Jarvan IV
59%
Jax
59%
Leona
59%
Lucian
59%
Mordekaiser
59%
Nasus
59%
Neeko
59%
Nidalee
59%
Sion
59%
Xayah
59%
Annie
56%
Elise
56%
Evelynn
56%
Fiora
56%
Galio
56%
Katarina
56%
Kayn
56%
Mel
56%
Olaf
56%
Renekton
56%
Samira
56%
Seraphine
56%
Smolder
56%
Thresh
56%
Varus
56%
Vayne
56%
Viktor
56%
Volibear
56%
Yuumi
56%
Zeri
56%
Bel’Veth
54%
Braum
54%
Diana
54%
Dr. Mundo
54%
Janna
54%
Ornn
54%
Pantheon
54%
Rek’Sai
54%
Rumble
54%
Senna
54%
Sivir
54%
Yunara
54%
Zoe
54%
Aurora
51%
Gragas
51%
Kayle
51%
Kennen
51%
Kog’Maw
51%
LeBlanc
51%
Quinn
51%
Rakan
51%
Soraka
51%
Syndra
51%
Teemo
51%
Viego
51%
Ambessa
49%
Amumu
49%
Aurelion Sol
49%
Camille
49%
Fizz
49%
Gangplank
49%
Gwen
49%
Hecarim
49%
Illaoi
49%
Irelia
49%
Ivern
49%
Qiyana
49%
Rengar
49%
Sejuani
49%
Xerath
49%
Zac
49%
Zyra
49%
Fiddlesticks
46%
Graves
46%
Heimerdinger
46%
Hwei
46%
Kha’Zix
46%
Malzahar
46%
Nami
46%
Nunu & Willump
46%
Sona
46%
Sylas
46%
Tristana
46%
Tryndamere
46%
Twisted Fate
46%
Urgot
46%
Veigar
46%
Warwick
46%
Xin Zhao
46%
Akshan
44%
Gnar
44%
Kassadin
44%
Lissandra
44%
Maokai
44%
Master Yi
44%
Milio
44%
Naafiri
44%
Nilah
44%
Shen
44%
Singed
44%
Swain
44%
Twitch
44%
Vex
44%
Vladimir
44%
Cassiopeia
41%
Ekko
41%
Jayce
41%
Karthus
41%
Kled
41%
K’Sante
41%
Nocturne
41%
Riven
41%
Sett
41%
Shyvana
41%
Tahm Kench
41%
Talon
41%
Taric
41%
Udyr
41%
Vel’Koz
41%
Yorick
41%
Briar
38%
Cho’Gath
38%
Lillia
38%
Rammus
38%
Renata Glasc
38%
Zilean
38%
Shaco
36%
Malphite
33%
Rell
33%
Ryze
33%
Trundle
33%
Wukong
33%
Karma
31%
Taliyah
31%
Skarner
26%
Kindered
8%
No matching quizzes found
Score Distribution
Percent of People with Each Score
Percentile by Number Answered
Your Score History
You have not taken this quiz